000 00887nas a2200253Ia 4500
001 R142/77675
003 IT-RoPAU
008 151124c99999999xx |||||||||||| ||und||
040 _aIT-RoPAU
040 _cIT-RoPAU
041 _aFRANCESE
100 _aFlichy Patrice
_gCodice Aut. SPICS: 10268
210 _aRESEAUX
222 _aReseaux
245 _aRESEAUX, N.050 (NOVEMBRE/DICEMBRE 1991)
_bQuestion De la Technique Dans Les Recherches Sur la Communication (La)
250 _a1a ed.
260 _aPARIS
_bCNET
_c1991
501 _bPaulus - SPICS - Società San Paolo EM (non-commercial uses only)
_cCopyright2015
300 _a12 p. [51-62]
362 _aN.050 (NOVEMBRE/DICEMBRE 1991)
500 _aProblema della Tecnica Nelle Ricerche Sulla Comunicazione. Determinismo Tecnico? Tecnologia e Cultura.
650 _aCOMUNICAZIONE
_vPUBBLICAZIONE PERIODICA
942 _cCR
999 _c191752
_d191752